000
00270nam a22000857a 4500
008
160822b xxu||||| |||| 00| 0 eng d
100
_9
199
_a
Carroll L
245
_a
Alice's Adventures in Wonderland and Through the Cooking Glass
260
_a
New York
_b
Choice publication
_c
1986
999
_c
2856
_d
2856